Les services au tennis de table ayant des noms rigolos - Statistiques

Statistiques générales
  • Ce quiz a été pris 49 fois
  • Le résultat moyen est 4 sur 7
Statistiques - réponses
Définition Type d'effet dans la balle Nom du service % Correct
Outil composé d’une masse de métal et d’un manche pour frapper, enfoncer. Latéral (peut aussi être latéral lifté, ou latéral coupé) Marteau
95%
Engin explosif. Le plus souvent à plat ou lifté, peut aussi être coupé Bombe
79%
Outil servant à creuser la terre. Latéral (peut aussi être latéral lifté, ou latéral coupé) Pioche
74%
Local où l’on reçoit et soigne les malades. Peu importe, pourvu que le service soit presque court Infirmerie
49%
Dispositif mécanique essuyant la pluie et les projections sur un pare-brise. Latéral (peut aussi être latéral lifté, ou latéral coupé) Essuie-glaces
46%
Partie d’un meuble qui coulisse. Latéral rentrant Tiroir
28%
Rôti à la poêle, à feu vif. Lifté, qui n'accélère qu'au deuxième rebond Sauté
13%
Aucun quiz correspondant
Distribution des résultats
% des personnes avec chaque résultat
Percentile par nombre de réponses
Votre historique - résultats
Vous n’avez pas pris ce quiz